00810nam a2200145Ia 4500008004100000020001800041082002100059245020200080260005100282300001100333650003400344700016900378952010000547999001700647120622s9999 xx 000 0 und d a968-837-447-4 aC 909 A881h 1985 aAtlas de historia universal contemporánea : cuarto año del bachillerato / Guillermina González de Lemoine, Elvira López Machorro, Rosa María Parcero López y Humberto Sánchez Córdova aMéxico : UNAM, Escuela Nacional Preparatoria a142 p. a1. HISTORIA UNIVERSAL - ATLAS aGonzález de Lemoine, Guillermina ; coaut. \ López Machorro, Elvira ; coaut. \ Parcero López, Rosa María ; coaut. \ Sánchez Córdova, Humberto ; coaut.Ì 00102lcc4070a22b22d2007-01-25l0oC 909 A881H 1985p01 001329r2024-01-24w2012-06-24yLB c56951d56951